To Pimp A Butterfly - Kendrick Lamar - Statistics

General Stats
  • This quiz has been taken 67 times
  • The average score is 13 of 16
Answer Stats
Songs Plays Artists % Correct
i 119,393,827 Kendrick Lamar
98%
Alright 952,638,868 Kendrick Lamar
94%
u 109,284,837 Kendrick Lamar
94%
Wesley's Theory 238,461,183 Kendrick Lamar, George Clinton, Thundercat
94%
King Kunta 708,715,283 Kendrick Lamar
90%
These Walls 184,598,605 Kendrick Lamar, Bilal, Anna Wise, Thundercat
90%
For Free? (Interlude) 75,725,222 Kendrick Lamar
86%
How Much a Dollar Cost 106,452,800 Kendrick Lamar, James Fauntleroy, Ronald Isley
84%
Mortal Man 57,741,426 Kendrick Lamar
84%
The Blacker the Berry 146,232,272 Kendrick Lamar
80%
For Sale? (Interlude) 66,943,341 Kendrick Lamar
78%
Institutionalized 111,193,204 Kendrick Lamar, Bilal, Anna Wise, Snoop Dogg
76%
Momma 81,763,006 Kendrick Lamar
76%
Hood Politics 103,089,966 Kendrick Lamar
73%
You Ain't Gotta Lie (Momma Said) 83,883,926 Kendrick Lamar
69%
Complexion (A Zulu Love) 74,670,394 Kendrick Lamar, Rapsody
65%
No matching quizzes found
Score Distribution
Percent of People with Each Score
Percentile by Number Answered
Your Score History
You have not taken this quiz